000 00892nam a2200253Ia 4500
003 OSt
005 20220923225537.0
006 a|||||r|||| 00| 0
007 ta
008 tam
024 _a270,706
037 _cTextual
040 _aARTS
_cARTS
_btam
041 _2tam
_atam
082 _aO31,3NSH,RB, 152M8
100 _aशाण्डिल्यन
245 0 _aराजा की भेरी* ऐतिहासिक उपन्यास, अनु आर शौरीराजन
246 _aRājā kī bherī: aitihāsik upanyāsa, anu ār shaurīrājana
260 _aकलकत्ता
_b भारतीय भाषा परिषद्
_c1988
300 _a287पृ0
_ccm.
650 _aतमिल साहित्य
942 _hO31,3NSH,RB, 152M8
_cTEXL
_2CC
999 _c378957
_d378957